000 00426nam a2200181Ia 4500
008 180207s9999 xx 000 0 und d
020 _a9780099656005
050 _bC365 1992
100 _aCatley, Alison
245 4 _aThe party in the sky /
245 _cby Alison Catley.
260 _aLondon :
260 _bRed Fox,
260 _c1992
300 _aunpaged :
300 _bcolor illustration ;
300 _c26cm.
999 _c355474
_d355474